000 01042nam a2200217 a 4500
001 000047758
005 20201002060723.0
008 180417s2018 dr abc 000 0 spa d
020 _a97899455375
040 _aDO-SdBNP
_bspa
_cBNPHU
082 _axxxx
_bxxxx
100 1 _aMuñoz, Yocasta Milagros
_975359
245 1 0 _aCiencias sociales 5 :
_bsecundaria /
_cYocasta Milagros Muñoz ; dirección Milagros del Pilar Rubio Muñoz.
260 _aSanto Domingo :
_bSusaeta,
_c2018.
300 _a247 p. :
_bil., mapas retrs. ;
_c29 cm.
500 _aEnfoque por competencias nuevo currículo
504 _aBibliografía : p. 247
505 0 _aNuestra isla y sus aspectos físicos --
_tNuestros bosques, áreas protegidas y recursos naturales --
_tColonialismo español hasta la independencia Efimera --
_tLa formación del Estado nacional --
_tElsiglo XX: inestabilidad política, intervención, dictadura e identidad --
_tEducación ciudadana.
590 _aInventariado, 2018/LP
700 1 _aRubio Muñoz, Milagros del Pilar,
_edirección
_974969
999 _c47246
_d47246